MARC details
| 000 -LEADER |
| campo de control de longitud fija |
01473nam a22004217a 4500 |
| 003 - IDENTIFICADOR DE NÚMERO DE CONTROL |
| campo de control |
OSt |
| 005 - FECHA Y HORA DE LA ÚLTIMA TRANSACCIÓN |
| campo de control |
20230629074336.0 |
| 008 - DATOS DE LONGITUD FIJA--INFORMACIÓN GENERAL |
| campo de control de longitud fija |
170318s2016 gt||||| |||| 00| 0 spa d |
| 040 ## - FUENTE DE CATALOGACIÓN |
| Centro/agencia transcriptor |
Lado V |
| 082 04 - NÚMERO DE LA CLASIFICACIÓN DECIMAL DEWEY |
| Número de clasificación |
700 |
| Número de ítem |
J91a |
| 100 ## - ENTRADA PRINCIPAL--NOMBRE DE PERSONA |
| Nombre de persona |
Juarez M., Juan Bautista |
| 9 (RLIN) |
861 |
| Término indicativo de función/relación |
editor |
| 245 10 - MENCIÓN DEL TÍTULO |
| Título |
Artefacto/ |
| Resto del título |
Revista de Arte y Cultura en Blanco y Negro/ |
| 260 ## - PUBLICACIÓN, DISTRIBUCIÓN, ETC. |
| Lugar de publicación, distribución, etc. |
Nicaragua |
| Nombre del editor, distribuidor, etc. |
Artes Graficas y Ediciones |
| Fecha de publicación, distribución, etc. |
1993 |
| 300 ## - DESCRIPCIÓN FÍSICA |
| Extensión |
58p. |
| Dimensiones |
22x28 cm |
| 490 ## - MENCIÓN DE SERIE |
| Designación de volumen o secuencia |
1993 |
| Mención de serie |
5 |
| 505 ## - NOTA DE CONTENIDO CON FORMATO |
| Nota de contenido con formato |
Editorial Gráfica |
| 505 ## - NOTA DE CONTENIDO CON FORMATO |
| Nota de contenido con formato |
Balada en Loor del Gilles de Watteau |
| 505 ## - NOTA DE CONTENIDO CON FORMATO |
| Nota de contenido con formato |
Watteau y su Siglo en Rubén Darío |
| 505 ## - NOTA DE CONTENIDO CON FORMATO |
| Nota de contenido con formato |
El Eurocentrismo y su Legado en las Américas |
| 505 ## - NOTA DE CONTENIDO CON FORMATO |
| Nota de contenido con formato |
Poemas |
| 505 ## - NOTA DE CONTENIDO CON FORMATO |
| Nota de contenido con formato |
Algunas Cosas Acerca de mi Vida |
| 505 ## - NOTA DE CONTENIDO CON FORMATO |
| Nota de contenido con formato |
Armando Morales a la Luz de su Luna |
| 505 ## - NOTA DE CONTENIDO CON FORMATO |
| Nota de contenido con formato |
Prohibido Fumar |
| 505 ## - NOTA DE CONTENIDO CON FORMATO |
| Nota de contenido con formato |
Las Hienas |
| 505 ## - NOTA DE CONTENIDO CON FORMATO |
| Nota de contenido con formato |
Manifiesto, 1982 |
| 505 ## - NOTA DE CONTENIDO CON FORMATO |
| Nota de contenido con formato |
La Bienal de Cuenca en el contexto de las Bienales Latinoamericanas |
| 505 ## - NOTA DE CONTENIDO CON FORMATO |
| Nota de contenido con formato |
Los Otros |
| 505 ## - NOTA DE CONTENIDO CON FORMATO |
| Nota de contenido con formato |
Te Acordas David |
| 505 ## - NOTA DE CONTENIDO CON FORMATO |
| Nota de contenido con formato |
El Collar de Ambar |
| 505 ## - NOTA DE CONTENIDO CON FORMATO |
| Nota de contenido con formato |
Dennis Nuñez en la Gran Ciudad |
| 505 ## - NOTA DE CONTENIDO CON FORMATO |
| Nota de contenido con formato |
Prefacio a Cantos de vida y Esperanza Rubén Darío |
| 505 ## - NOTA DE CONTENIDO CON FORMATO |
| Nota de contenido con formato |
Joven, Acérquese Acá |
| 650 ## - PUNTO DE ACCESO ADICIONAL DE MATERIA--TÉRMINO DE MATERIA |
| Fuente del encabezamiento o término |
Tesauro de Arte & Arquitectura |
| Término de materia o nombre geográfico como elemento de entrada |
ARTE |
| 650 ## - PUNTO DE ACCESO ADICIONAL DE MATERIA--TÉRMINO DE MATERIA |
| Fuente del encabezamiento o término |
Tesauro de Arte & Arquitectura |
| Término de materia o nombre geográfico como elemento de entrada |
CULTURA |
| 650 ## - PUNTO DE ACCESO ADICIONAL DE MATERIA--TÉRMINO DE MATERIA |
| Fuente del encabezamiento o término |
Tesauro de Arte & Arquitectura |
| Término de materia o nombre geográfico como elemento de entrada |
LITERATURA |
| 700 1# - ENTRADA AGREGADA--NOMBRE PERSONAL |
| Nombre de persona |
Svankmajer. |
| Término indicativo de función/relación |
ilustrador. |
| 9 (RLIN) |
5749 |
| 942 ## - ELEMENTOS DE ENTRADA SECUNDARIOS (KOHA) |
| Fuente del sistema de clasificación o colocación |
Clasificación Decimal Dewey |
| Tipo de ítem Koha |
Libros |
| Parte de la signatura que corresponde a la clasificación (Parte de la clasificación) |
700 |
| Parte de la signatura que identifica el ejemplar (Parte del ítem) |
J91a |
| Suprimir en OPAC |
No |